000 00467nam a22001817a 4500
999 _c6214
_d6212
005 20210906143713.0
008 200517b xxu||||| |||| 00| 0 eng d
020 _a9788186270288
041 _aeng
082 _a615 ANS
100 _aANSRI,Dr.S.H
_96567
245 _aEssentials of Pharmacognosy
_cDr, S.N ANSARI
250 _a1'st
260 _aNew Delhi
_bCBS Publishers and distributors
_c2020
300 _a784, viii
650 _aPharmacy
_96891
942 _cBK